[Event "Stockholm GP rapid"]
[Site "Stockholm"]
[Date "2024.11.02"]
[Round "6"]
[White "Schmalholz, Tuva"]
[Black "Moren, Hjalmar"]
[Result "1/2-1/2"]
[WhiteElo "1593"]
[BlackElo "1577"]
[PlyCount "55"]
[EventDate "2024.11.01"]
[EventType "swiss (rapid)"]
[EventRounds "8"]
[EventCountry "SWE"]
[SourceTitle "CB45_2024"]
[Source "ChessBase"]
[SourceDate "2024.11.06"]
[SourceVersion "1"]
[SourceVersionDate "2024.11.06"]
[SourceQuality "1"]

1. e4 Nf6 2. e5 Nd5 3. d4 d6 4. c4 Nb6 5. Nf3 Bg4 6. h3 Bh5 7. g4 Bg6 8. Nh4 dxe5 9. Nxg6 hxg6 10. Bg2 c6 11. c5 Nd5 12. b4 Nxb4 13. Qb3 Qxd4 14. Be3 Nd3+ 15. Kf1 Qd7 16. Nc3 Nf4 17. Bxf4 exf4 18. Rd1 Qc7 19. Rd4 e6 20. Rxf4 Qxf4 21. Qxb7 Qc1+ 22. Ke2 Qc2+ 23. Kf1 Qd3+ 24. Kg1 Qxc3 25. Qc8+ Ke7 26. Qc7+ Nd7 27. Bxc6 Rd8 28. Qd6+ 1/2-1/2

[Event "Stockholm GP rapid"]
[Site "Stockholm"]
[Date "2024.11.01"]
[Round "4"]
[White "Blomberg, Eric"]
[Black "Moren, Hjalmar"]
[Result "1-0"]
[WhiteElo "1644"]
[BlackElo "1577"]
[PlyCount "37"]
[EventDate "2024.11.01"]
[EventType "swiss (rapid)"]
[EventRounds "8"]
[EventCountry "SWE"]
[SourceTitle "CB45_2024"]
[Source "ChessBase"]
[SourceDate "2024.11.06"]
[SourceVersion "1"]
[SourceVersionDate "2024.11.06"]
[SourceQuality "1"]

1. d4 Nf6 2. Nc3 d5 3. Bf4 c6 4. e3 e6 5. Nf3 Be7 6. Ne5 0-0 7. Bd3 c5 8. Qf3 c4 9. Be2 Nbd7 10. Qg3 Re8 11. h4 Bb4 12. Bh6 Bxc3+ 13. bxc3 g6 14. h5 Ne4 15. Qh3 Qf6 16. Ng4 Qf5 17. hxg6 fxg6 18. f3 Nxc3 19. Bg5 1-0